Normal view
MARC view
- Personality and Adjustment
Entry Topical Term
001 - CONTROL NUMBER
- control field: 139
003 - CONTROL NUMBER IDENTIFIER
- control field: JO-AjAnu
005 - DATE AND TIME OF LATEST TRANSACTION
- control field: 20230606070325.0
008 - FIXED-LENGTH DATA ELEMENTS
- fixed length control field: 230606|| aca||aabn | a|a d
040 ## - CATALOGING SOURCE
- Original cataloging agency: JO-AjAnu
- Transcribing agency: JO-AjAnu
150 ## - HEADING--TOPICAL TERM
- Topical term or geographic name entry element: Personality and Adjustment
670 ## - SOURCE DATA FOUND
- Source citation: Work cat.: (JO-AjAnu)73: Raju,Mouni , Raju,M.V.R , Babu,Prasad , Rao,Digumarti, author 138, Personality and Adjustment of University Hostel Students